Normal view
MARC view
Entry Topical Term
001 - CONTROL NUMBER
- control field: 31552
003 - CONTROL NUMBER IDENTIFIER
- control field: dpl
005 - DATE AND TIME OF LATEST TRANSACTION
- control field: 20110805121905.0
008 - FIXED-LENGTH DATA ELEMENTS
- fixed length control field: 110805|||a|||||| | ||| d
040 ## - CATALOGING SOURCE
- Original cataloging agency: dpl
- Transcribing agency: dpl
150 ## - HEADING--TOPICAL TERM
- Topical term or geographic name as entry element: Gender
670 ## - SOURCE DATA FOUND
- Source citation: Work cat.: (dpl)54724: Bhasin, Kamla 31551, Understanding gender, 2010.
670 ## - SOURCE DATA FOUND
- Source citation: Work cat.: (dpl)54724: Bhasin, Kamla 31551, Understanding gender, 2010.
